000 00559nam a22001817a 4500
999 _c8453
_d8453
008 201124b ||||| |||| 00| 0 eng d
040 _aBMS College of Architecture
100 _aDavid, Rihorla Nicole
245 _aMava theirang ka g yamku - a window to Manipur
300 _aNA
500 _a1BM14AT056
502 _8B,Arch
_NBMS College of Architecture, Visvesvaraya Technological University (VTU)
_aProject report
_d2018
650 _aWindow
650 _aManipur
700 _aShunu Raina
_eGuide
700 _aSanal Suresh
_eGuide
942 _2ddc
_cTHE